000 00568nam a2200181Ia 4500
008 151018s9999 xx 000 0 und d
082 _bRBASDV3623
_a891.463
100 _aग दि माडगुळकर
245 _aबोलका शंख
250 _b1
260 _bललित साहित्य प्रकाशन
_c1960
300 _a160
600 _aग दि माडगुळकर
630 _aबोलका शंख
700 _aग दि माडगुळकर
730 _aबोलका शंख
942 _cBOOK
999 _c1006026
_d1006023